00375nam a2200133Ia 4500003000900000008004100009040003300050041000800083080001300091100002000104245005700124260004400181300001600225LK-CoDNM010623t1979 xxu||||| |||| 00| 1 eng d aLK-CoDNMdLK-CoDNMeLK-CoDNM aeng a338bALL aAlleyne, D.H.N. aThe International Sugar Industry and the Third World b Third World Forum a Switzerlandc1979 b125p, 22 cm